| 000 | 00000nam 2200000za 4500 |
| 001 | 9.674176 |
| 003 | CaOODSP |
| 005 | 20250630111120 |
| 007 | cr ||||||||||| |
| 008 | 150407|1999||||xxc|||||o f|0| 0 fre d |
| 040 | |aCaOODSP|bfre |
| 043 | |an-cn--- |
| 086 | 1 |aRG52-36/1999-IN |
| 110 | 1 |aCanada. |bBureau de la concurrence. |
| 245 | 10|aGuide de la Loi et du règlement sur l'emballage et l'étiquetage des produits de consommation |h[ressource électronique] |
| 260 | |aOttawa - Ontario : |bIndustrie Canada. |c1999. |
| 300 | |a25p. (178 KB) |
| 500 | |aSommaire: Introduction.--Étiquetage.--Emballage.--Cosmétiques.--Nourriture pour animaux. |
| 546 | |aBilingue |
| 590 | |a01-01|b2001-01-05 |
| 691 | 07|aProduit de consommation|2gcpds |
| 691 | 07|aEmballage|2gcpds |
| 691 | 07|aÉtiquetage|2gcpds |
| 775 | 08|tGuide to the Consumer Packaging and Labelling Act and regulations |w(CaOODSP)9.674175 |
| 856 | 40|ahttp://publications.gc.ca|qPDF|s178 KB|uhttps://publications.gc.ca/collections/Collection/RG52-36-1999F.pdf |